Orange you glad it's Halloween, Amber Brown? / (Record no. 680)

MARC details
000 -LEADER
fixed length control field 01045nam a22003017a 4500
005 - DATE AND TIME OF LATEST TRANSACTION
control field 20240223102111.0
020 ## - INTERNATIONAL STANDARD BOOK NUMBER
International Standard Book Number 0399234713
040 ## - CATALOGING SOURCE
Original cataloging agency DLC
Transcribing agency DLC
Modifying agency DLC
Language of cataloging eng
050 00 - LIBRARY OF CONGRESS CALL NUMBER
Classification number PZ7.D2394
Item number Or 2005
082 00 - DEWEY DECIMAL CLASSIFICATION NUMBER
Classification number [Fic]
Edition number 22
100 1# - MAIN ENTRY--PERSONAL NAME
Personal name Danziger, Paula,
Dates associated with a name 1944-2004.
245 10 - TITLE STATEMENT
Title Orange you glad it's Halloween, Amber Brown? /
Statement of responsibility, etc. Paula Danziger ; illustrated by Tony Ross.
246 3# - VARYING FORM OF TITLE
Title proper/short title Orange you glad it is Halloween, Amber Brown?
260 ## - PUBLICATION, DISTRIBUTION, ETC.
Place of publication, distribution, etc. New York :
Name of publisher, distributor, etc. Puffin Books,
Date of publication, distribution, etc. 2005.
300 ## - PHYSICAL DESCRIPTION
Extent 48 pages :
Other physical details color illustrations ;
Dimensions 23 cm.
490 1# - SERIES STATEMENT
Series statement A is for Amber
505 ## - FORMATTED CONTENTS NOTE
Formatted contents note K <br/>
520 ## - SUMMARY, ETC.
Summary, etc. Amber Brown and her classmates celebrate Halloween, while Amber wonders if her parents' arguing will ruin the holiday for her.
521 ## - TARGET AUDIENCE NOTE
Target audience note 530
Source Lexile <br/>
521 ## - TARGET AUDIENCE NOTE
Target audience note K <br/>
Source Raz-Plus <br/>
650 #1 - SUBJECT ADDED ENTRY--TOPICAL TERM
Topical term or geographic name entry element Halloween
Form subdivision Fiction.
650 #1 - SUBJECT ADDED ENTRY--TOPICAL TERM
Topical term or geographic name entry element Schools
Form subdivision Fiction.
650 #1 - SUBJECT ADDED ENTRY--TOPICAL TERM
Topical term or geographic name entry element Fighting (Psychology)
Form subdivision Fiction.
700 1# - ADDED ENTRY--PERSONAL NAME
Personal name Ross, Tony,
Relator term illustrator.
906 ## - LOCAL DATA ELEMENT F, LDF (RLIN)
a 7
b cbc
c orignew
d 1
e ecip
f 20
g y-gencatlg
942 ## - ADDED ENTRY ELEMENTS (KOHA)
Source of classification or shelving scheme Dewey Decimal Classification
Koha item type Books
Suppress in OPAC No
999 ## -
-- 680
-- 680
Holdings
Withdrawn status Lost status Source of classification or shelving scheme Damaged status Not for loan Collection Home library Current library Shelving location Date acquired Total Checkouts Full call number Barcode Date last seen Date last checked out Copy number Price effective from Koha item type
    Dewey Decimal Classification     Fiction Footprints International School Library Network Toul Kork Campus Footprints International School Library Network Toul Kork Campus TK Primary Library Room(4th Floor), Bookcase 3&4, Shelves 17-32, Yellow Books 06/29/2023 2 DAN Fic PZ7.D2394 FISTK03639 09/06/2024 08/12/2024 1 06/29/2023 Books
    Dewey Decimal Classification     Fiction Footprints International School Library Network Toul Kork Campus Footprints International School Library Network Toul Kork Campus   06/29/2023   DAN Fic PZ7.D2394 FIS02826 02/23/2024   2 06/29/2023 Books